[Event "Titled Tuesday intern op 27th Feb Late"]
[Site "Chess.com INT"]
[Date "2024.02.27"]
[Round "10"]
[White "Baskakov, Egor"]
[Black "Bolourchifard, Farzad"]
[Result "1-0"]
[WhiteElo "2215"]
[BlackElo "2292"]
[PlyCount "105"]
[EventDate "2024.02.27"]
[EventType "swiss (blitz)"]
[EventRounds "11"]
[EventCountry "USA"]
[SourceTitle "CB10_2024"]
[SourceDate "2024.03.06"]
[SourceVersion "1"]
[SourceVersionDate "2024.03.06"]
[SourceQuality "1"]

1. e4 e5 2. Nc3 Nf6 3. g3 Bc5 4. Bg2 d6 5. h3 h5 6. d3 Nc6 7. Bg5 Nd4 8. Na4 Ne6 9. Bc1 h4 10. g4 Nd7 11. Ne2 g5 12. c3 Ndf8 13. d4 Bb6 14. 0-0 Ng6 15. Kh2 Bd7 16. Nxb6 axb6 17. Be3 0-0 18. Qd2 Bb5 19. b3 Bxe2 20. Qxe2 Ngf4 21. Qb2 Kg7 22. a4 f6 23. Rfd1 Qe7 24. Bf1 Ng6 25. Bc4 Nef4 26. Re1 Rfd8 27. Rad1 Kh6 28. Qc2 Kg7 29. b4 Kh6 30. Bf1 Kg7 31. Ra1 Qd7 32. a5 b5 33. c4 bxc4 34. Qxc4 exd4 35. Bxd4 Re8 36. Qc3 Ne5 37. b5 c6 38. a6 bxa6 39. bxa6 c5 40. Bxe5 fxe5 41. Reb1 Re7 42. Rb7 Qe8 43. Rxe7+ Qxe7 44. Rb1 Kh6 45. Rb6 Qf6 46. Qxc5 Rd8 47. a7 Ng6 48. Qe3 Ra8 49. Rb8 Rxa7 50. Qxa7 Qf4+ 51. Kg1 Qxe4 52. Qe3 Qh1+ 53. Kxh1 1-0

[Event "Titled Tuesday intern op 27th Feb Late"]
[Site "Chess.com INT"]
[Date "2024.02.27"]
[Round "9"]
[White "Kepeshchuk, Mykhaylo"]
[Black "Bolourchifard, Farzad"]
[Result "1/2-1/2"]
[WhiteElo "2269"]
[BlackElo "2292"]
[PlyCount "88"]
[EventDate "2024.02.27"]
[EventType "swiss (blitz)"]
[EventRounds "11"]
[EventCountry "USA"]
[SourceTitle "CB10_2024"]
[SourceDate "2024.03.06"]
[SourceVersion "1"]
[SourceVersionDate "2024.03.06"]
[SourceQuality "1"]

1. d4 Nf6 2. c4 e6 3. g3 d5 4. Bg2 Be7 5. Nf3 0-0 6. 0-0 dxc4 7. Ne5 Nc6 8. Nxc6 bxc6 9. Na3 Rb8 10. Nxc4 c5 11. Na5 Bd7 12. dxc5 Bxc5 13. Nb7 Qe7 14. Nxc5 Qxc5 15. Be3 Qa5 16. Qc2 Rfc8 17. Rfc1 Nd5 18. Bc5 Bb5 19. a3 Ba4 20. Qb1 Rb3 21. e4 Nc3 22. Rxc3 Rxc3 23. bxc3 Qxc5 24. Qb4 Qxb4 25. axb4 Bb5 26. Rxa7 h5 27. Ra5 Be2 28. Rc5 g6 29. h4 Kf8 30. f4 Ke7 31. Kf2 Bd1 32. e5 Kd8 33. Ke3 Ba4 34. Be4 Rb8 35. Kd4 Rb6 36. Ra5 Bd7 37. Ra8+ Ke7 38. Kc5 Rb5+ 39. Kc4 Rb6 40. Ra7 Kd8 41. Kc5 Rb5+ 42. Kc4 Rb6 43. Ra8+ Ke7 44. Ra7 Kd8 1/2-1/2

[Event "Titled Tuesday intern op 12th Sep Late"]
[Site "Chess.com INT"]
[Date "2023.09.12"]
[Round "3"]
[White "Ashraf, Artin"]
[Black "Bolourchifard, Farzad"]
[Result "0-1"]
[WhiteElo "2340"]
[BlackElo "2292"]
[PlyCount "154"]
[EventDate "2023.09.12"]
[EventType "swiss (blitz)"]
[EventRounds "11"]
[EventCountry "USA"]
[SourceTitle "EXT 2024"]
[Source "ChessBase"]
[SourceDate "2023.10.10"]
[SourceVersion "1"]
[SourceVersionDate "2023.10.10"]
[SourceQuality "1"]

1. e4 e5 2. Nf3 Nc6 3. Bb5 a6 4. Ba4 Nf6 5. d3 d6 6. 0-0 Bd7 7. c3 g6 8. Re1 Bg7 9. Nbd2 0-0 10. Nf1 Nh5 11. Ng3 Nxg3 12. hxg3 h6 13. d4 Kh7 14. Bc2 Bg4 15. Be3 Qf6 16. d5 Nb8 17. Qe2 Nd7 18. Bd1 Qe7 19. Ng5+ hxg5 20. Qxg4 Bh6 21. Bc2 Nf6 22. Qh3 Kg7 23. g4 Rh8 24. Qf3 Qd7 25. Bd1 Rh7 26. g3 Rah8 27. Kg2 Qb5 28. Bc1 Nd7 29. a4 Qb6 30. a5 Qa7 31. Be3 Qb8 32. b4 f6 33. Rh1 Kf7 34. Ba4 Qd8 35. Rh2 Bf8 36. Rxh7+ Rxh7 37. Bxg5 Be7 38. Be3 Kg7 39. Rh1 Rxh1 40. Kxh1 Nf8 41. Kg1 Nh7 42. Qh1 Ng5 43. f4 Nf7 44. Kf2 g5 45. f5 Nh6 46. Qh5 Nf7 47. Qg6+ Kf8 48. Qh7 b6 49. Bc6 bxa5 50. bxa5 Qb8 51. Qh1 Qb2+ 52. Kf3 Qxc3 53. Bd7 Kg7 54. Qh5 Nh8 55. Qe8 Bf8 56. Be6 Qd3 57. Qd7+ Kh6 58. Kf2 Qc2+ 59. Ke1 Qc3+ 60. Ke2 Qc4+ 61. Kd2 Qb4+ 62. Kd3 Qb3+ 63. Ke2 Qc4+ 64. Kf3 Qf1+ 65. Bf2 Qd3+ 66. Kg2 Qxe4+ 67. Kg1 Qxg4 68. Qe8 Qd1+ 69. Kg2 Bg7 70. Qd7 e4 71. Qxc7 Qf3+ 72. Kg1 e3 73. Be1 e2 74. Bf2 Qd3 75. Kg2 Qe4+ 76. Kh3 Qh1+ 77. Kg4 Qh5# 0-1

[Event "Titled Tuesday intern op 12th Sep Late"]
[Site "Chess.com INT"]
[Date "2023.09.12"]
[Round "10"]
[White "Bolourchifard, Farzad"]
[Black "Ismayil, Malak"]
[Result "1-0"]
[WhiteElo "2292"]
[BlackElo "2148"]
[PlyCount "81"]
[EventDate "2023.09.12"]
[EventType "swiss (blitz)"]
[EventRounds "11"]
[EventCountry "USA"]
[SourceTitle "EXT 2024"]
[Source "ChessBase"]
[SourceDate "2023.10.10"]
[SourceVersion "1"]
[SourceVersionDate "2023.10.10"]
[SourceQuality "1"]

1. d4 Nf6 2. Nf3 d5 3. c4 e6 4. Nc3 Be7 5. Bg5 0-0 6. e3 h6 7. Bh4 dxc4 8. Bxc4 a6 9. 0-0 b5 10. Be2 Bb7 11. a4 b4 12. Nb1 a5 13. Nbd2 c5 14. Nc4 cxd4 15. Nxd4 Nbd7 16. Bf3 Bxf3 17. Qxf3 Nd5 18. Nc6 Qe8 19. Bxe7 Nxe7 20. Nd6 Nxc6 21. Nxe8 Nde5 22. Qe4 f5 23. Qc2 Rfxe8 24. f4 b3 25. Qc3 Ng4 26. Qxc6 Nxe3 27. Rf3 Nc2 28. Rd1 Rac8 29. Qa6 Nb4 30. Qxa5 Nd5 31. Rxd5 exd5 32. Qxd5+ Kh8 33. Qxb3 Re2 34. h3 Rcc2 35. Rg3 Re1+ 36. Kh2 Rcc1 37. Rc3 Rh1+ 38. Kg3 Rce1 39. Rc8+ Kh7 40. Qg8+ Kg6 41. Rc6+ 1-0

[Event "Titled Tuesday intern op 12th Sep Early"]
[Site "Chess.com INT"]
[Date "2023.09.12"]
[Round "9"]
[White "Hristodoulou, Panagiotis"]
[Black "Bolourchifard, Farzad"]
[Result "1-0"]
[WhiteElo "2358"]
[BlackElo "2292"]
[PlyCount "59"]
[EventDate "2023.09.12"]
[EventType "swiss (blitz)"]
[EventRounds "11"]
[EventCountry "USA"]
[SourceTitle "EXT 2024"]
[Source "ChessBase"]
[SourceDate "2023.10.10"]
[SourceVersion "1"]
[SourceVersionDate "2023.10.10"]
[SourceQuality "1"]

1. e4 e5 2. Nf3 Nc6 3. Bc4 Bc5 4. 0-0 Nf6 5. d3 d6 6. c3 h6 7. a4 a6 8. Re1 0-0 9. h3 Re8 10. Nbd2 Be6 11. b4 Ba7 12. Bxe6 fxe6 13. Nf1 Nh5 14. g3 Rf8 15. Kg2 Qe7 16. Be3 Rf6 17. b5 Nd8 18. bxa6 Bxe3 19. axb7 Nxb7 20. Rxe3 Nc5 21. a5 Na6 22. Nxe5 Nxg3 23. Ng4 Nh5 24. Nxf6+ Nxf6 25. d4 d5 26. Ng3 dxe4 27. c4 e5 28. Nxe4 exd4 29. Qxd4 Nh5 30. Qd5+ 1-0

[Event "Titled Tuesday intern op 12th Sep Early"]
[Site "Chess.com INT"]
[Date "2023.09.12"]
[Round "7"]
[White "Movahed, Sina"]
[Black "Bolourchifard, Farzad"]
[Result "1-0"]
[WhiteElo "2441"]
[BlackElo "2292"]
[PlyCount "63"]
[EventDate "2023.09.12"]
[EventType "swiss (blitz)"]
[EventRounds "11"]
[EventCountry "USA"]
[SourceTitle "EXT 2024"]
[Source "ChessBase"]
[SourceDate "2023.10.10"]
[SourceVersion "1"]
[SourceVersionDate "2023.10.10"]
[SourceQuality "1"]

1. e4 e5 2. Nf3 Nc6 3. Bb5 a6 4. Ba4 d6 5. 0-0 Nf6 6. d3 g6 7. c3 Bg7 8. Re1 0-0 9. Nbd2 h6 10. Nf1 Nh5 11. Ng3 Nxg3 12. hxg3 f5 13. exf5 Rxf5 14. d4 exd4 15. Nxd4 Nxd4 16. Re8+ Qxe8 17. Bxe8 Nc6 18. Bxg6 Rf6 19. Be4 Be6 20. Be3 Raf8 21. Qa4 d5 22. Bc2 Bd7 23. Rd1 Ne5 24. Qa5 c6 25. Qc7 R6f7 26. Qd6 Nc4 27. Qg6 Bf5 28. Bxf5 Rxf5 29. Bxh6 R5f7 30. Bxg7 Rxg7 31. Qe6+ Rgf7 32. Rd4 1-0

[Event "Titled Tuesday intern op 05th Sep Early"]
[Site "Chess.com INT"]
[Date "2023.09.05"]
[Round "11"]
[White "Bolourchifard, Farzad"]
[Black "Ismayil, Malak"]
[Result "0-1"]
[WhiteElo "2292"]
[BlackElo "2148"]
[PlyCount "86"]
[EventDate "2023.09.05"]
[EventType "swiss (blitz)"]
[EventRounds "11"]
[EventCountry "USA"]
[SourceTitle "EXT 2024"]
[Source "ChessBase"]
[SourceDate "2023.10.10"]
[SourceVersion "1"]
[SourceVersionDate "2023.10.10"]
[SourceQuality "1"]

1. d4 Nf6 2. Nf3 d5 3. c4 e6 4. Nc3 Be7 5. Bg5 0-0 6. e3 a6 7. cxd5 exd5 8. Bd3 h6 9. Bh4 c6 10. 0-0 Bg4 11. Rb1 Nbd7 12. b4 Rc8 13. Na4 Ne4 14. Bxe7 Qxe7 15. Qc2 Bxf3 16. gxf3 Nd6 17. Nc5 Nb6 18. Kh1 Nbc4 19. Rg1 Kh8 20. Rg3 f5 21. Rbg1 Rf7 22. e4 fxe4 23. fxe4 b6 24. e5 bxc5 25. bxc5 Nb5 26. Qd1 Rcf8 27. Bb1 Qh4 28. Qd3 Qe4+ 29. Qxe4 dxe4 30. Bxe4 Nxd4 31. Rg4 Nxe5 32. R4g2 Ne2 33. Re1 Nf4 34. Rg3 Re7 35. Ra3 Rfe8 36. Rxa6 Ned3 37. Re3 Rxe4 38. Rxc6 Nxf2+ 39. Kg1 Rxe3 40. Kxf2 Nh3+ 41. Kg2 Rf8 42. Rd6 Rf2+ 43. Kh1 Re1# 0-1

[Event "Titled Tuesday intern op 05th Sep Late"]
[Site "Chess.com INT"]
[Date "2023.09.05"]
[Round "4"]
[White "Bolourchifard, Farzad"]
[Black "Kovacs, Klara"]
[Result "1-0"]
[WhiteElo "2292"]
[BlackElo "2115"]
[PlyCount "67"]
[EventDate "2023.09.05"]
[EventType "swiss (blitz)"]
[EventRounds "11"]
[EventCountry "USA"]
[SourceTitle "EXT 2024"]
[Source "ChessBase"]
[SourceDate "2023.10.10"]
[SourceVersion "1"]
[SourceVersionDate "2023.10.10"]
[SourceQuality "1"]

1. d4 Nf6 2. Nf3 e6 3. c4 d5 4. Nc3 Be7 5. Bg5 0-0 6. e3 h6 7. Bh4 Ne4 8. Bxe7 Qxe7 9. Rc1 Nxc3 10. bxc3 dxc4 11. Bxc4 b6 12. 0-0 Nd7 13. a4 c5 14. a5 Bb7 15. Qe2 a6 16. axb6 Nxb6 17. Bd3 Nd5 18. Bb1 Rfb8 19. Qd3 g6 20. Ne5 Qg5 21. e4 Nf4 22. Qf3 f6 23. Nd7 Rd8 24. Nxc5 Bc6 25. h4 Qxh4 26. g3 Nh3+ 27. Kg2 Qg5 28. Nxe6 Nf4+ 29. Qxf4 Qxf4 30. Nxf4 g5 31. Ne6 Re8 32. Nc7 Rxe4 33. Bxe4 Bxe4+ 34. f3 1-0

[Event "Titled Tuesday intern op 05th Sep Early"]
[Site "Chess.com INT"]
[Date "2023.09.05"]
[Round "1"]
[White "Bolourchifard, Farzad"]
[Black "Ozalp, Burak"]
[Result "1-0"]
[WhiteElo "2292"]
[BlackElo "2127"]
[PlyCount "89"]
[EventDate "2023.09.05"]
[EventType "swiss (blitz)"]
[EventRounds "11"]
[EventCountry "USA"]
[SourceTitle "EXT 2024"]
[Source "ChessBase"]
[SourceDate "2023.10.10"]
[SourceVersion "1"]
[SourceVersionDate "2023.10.10"]
[SourceQuality "1"]

1. d4 d5 2. Nf3 Nf6 3. c4 e6 4. Nc3 Be7 5. Bg5 0-0 6. e3 c5 7. cxd5 cxd4 8. Qxd4 exd5 9. Bb5 h6 10. Bh4 Nc6 11. Bxc6 bxc6 12. 0-0 Be6 13. Na4 Rb8 14. Qxa7 Ra8 15. Qd4 Qa5 16. b3 c5 17. Qd2 Qxd2 18. Nxd2 Rfb8 19. Rac1 c4 20. Bg3 Rb4 21. Nc3 cxb3 22. Nxb3 Nd7 23. Rfd1 Nb6 24. Rd4 Rxd4 25. Nxd4 Nc4 26. h3 Ba3 27. Rb1 Bb2 28. Ndb5 Kh7 29. a4 Bf5 30. Rd1 Bc2 31. Rxd5 Bxa4 32. Nxa4 Rxa4 33. Nd6 Nxd6 34. Bxd6 Kg6 35. g3 Rc4 36. h4 h5 37. Rg5+ Kh6 38. Bf4 Rc1+ 39. Kg2 Kh7 40. Rxh5+ Kg8 41. Rb5 Bf6 42. h5 Kh7 43. g4 Rc4 44. Kg3 Rc5 45. Rxc5 1-0

[Event "Titled Tuesday intern op 05th Sep Late"]
[Site "Chess.com INT"]
[Date "2023.09.05"]
[Round "1"]
[White "Marin, Sebastian"]
[Black "Bolourchifard, Farzad"]
[Result "1-0"]
[WhiteElo "2308"]
[BlackElo "2292"]
[PlyCount "154"]
[EventDate "2023.09.05"]
[EventType "swiss (blitz)"]
[EventRounds "11"]
[EventCountry "USA"]
[SourceTitle "EXT 2024"]
[Source "ChessBase"]
[SourceDate "2023.10.10"]
[SourceVersion "1"]
[SourceVersionDate "2023.10.10"]
[SourceQuality "1"]

1. d4 Nf6 2. c4 e6 3. Nc3 d5 4. Nf3 Be7 5. Bg5 0-0 6. e3 h6 7. Bh4 c6 8. Qc2 a6 9. c5 Nh5 10. Bxe7 Qxe7 11. Be2 Nd7 12. 0-0 Nhf6 13. e4 dxe4 14. Nxe4 Nxe4 15. Qxe4 e5 16. Bc4 Rd8 17. b4 Nf6 18. Qxe5 Qf8 19. h3 Nd5 20. a3 Re8 21. Qh5 Be6 22. Ne5 Rad8 23. Qf3 Nf6 24. Rad1 Bd5 25. Qb3 Re7 26. Bxd5 Rxd5 27. Nc4 Re4 28. Nd6 Re7 29. Qc3 Ne4 30. Nxe4 Rxe4 31. Rfe1 Qe7 32. Rxe4 Qxe4 33. Qe3 Qf5 34. Qd3 Qd7 35. Qe4 g6 36. Rd3 Kg7 37. Qf4 Qe6 38. Re3 Qd7 39. Re4 Qd8 40. Kh2 Qf6 41. Qxf6+ Kxf6 42. Kg3 Kf5 43. Kf3 Rd7 44. Ke3 Kg5 45. Re5+ Kf6 46. g4 Kg7 47. f4 Kf8 48. Re4 f6 49. Re6 Kf7 50. f5 g5 51. Ke4 Rd5 52. Kd3 Rd7 53. Kc4 Re7 54. Rxe7+ Kxe7 55. d5 Kd7 56. Kd4 Kc7 57. a4 Kd7 58. Kc4 Kc7 59. b5 axb5+ 60. axb5 cxb5+ 61. Kxb5 Kd7 62. Kb6 Kc8 63. c6 bxc6 64. Kxc6 Kd8 65. Kd6 Ke8 66. Ke6 Kd8 67. Kxf6 Kd7 68. Kg6 Kd6 69. Kxh6 Kxd5 70. Kxg5 Ke5 71. Kg6 Ke4 72. f6 Kf3 73. g5 Kg3 74. f7 Kh4 75. f8Q Kg3 76. h4 Kg2 77. h5 Kg3 1-0

[Event "Titled Tuesday intern op 25th Jul Late"]
[Site "Chess.com INT"]
[Date "2023.07.25"]
[Round "1"]
[White "Bolourchifard, Farzad"]
[Black "Ai, Evan Zihao"]
[Result "1-0"]
[WhiteElo "2292"]
[BlackElo "2159"]
[PlyCount "55"]
[EventDate "2023.07.25"]
[EventType "swiss (blitz)"]
[EventRounds "11"]
[EventCountry "USA"]
[SourceTitle "EXT 2024"]
[Source "ChessBase"]
[SourceDate "2023.10.10"]
[SourceVersion "1"]
[SourceVersionDate "2023.10.10"]
[SourceQuality "1"]

1. d4 Nf6 2. Nf3 e6 3. c4 d5 4. Nc3 Bb4 5. Bg5 0-0 6. e3 h6 7. Bh4 b6 8. cxd5 exd5 9. Bd3 Bb7 10. 0-0 Re8 11. Ne5 Be7 12. f4 Ne4 13. Bxe7 Qxe7 14. Nxe4 dxe4 15. Bc4 Rf8 16. Ng6 Qd6 17. Nxf8 Qxf8 18. Qg4 c5 19. Rad1 cxd4 20. Rxd4 Kh8 21. Rfd1 Nc6 22. Rd6 Ne7 23. f5 Nc6 24. f6 g6 25. Qd7 Ne5 26. Qxb7 Nxc4 27. Qxa8 Qxa8 28. Rd8+ 1-0

[Event "Titled Tuesday intern op 25th Jul Late"]
[Site "Chess.com INT"]
[Date "2023.07.25"]
[Round "9"]
[White "Bolourchifard, Farzad"]
[Black "Pham, Le Thao Nguyen"]
[Result "0-1"]
[WhiteElo "2292"]
[BlackElo "2369"]
[PlyCount "80"]
[EventDate "2023.07.25"]
[EventType "swiss (blitz)"]
[EventRounds "11"]
[EventCountry "USA"]
[SourceTitle "EXT 2024"]
[Source "ChessBase"]
[SourceDate "2023.10.10"]
[SourceVersion "1"]
[SourceVersionDate "2023.10.10"]
[SourceQuality "1"]

1. d4 d5 2. Nf3 c6 3. Bf4 Qb6 4. Qc1 Bf5 5. c3 Nd7 6. e3 h6 7. Nbd2 Ngf6 8. Be2 e6 9. 0-0 Be7 10. b4 0-0 11. Nb3 Rfe8 12. a4 Qd8 13. Nc5 Nxc5 14. bxc5 b6 15. cxb6 axb6 16. c4 c5 17. Ne5 Bd6 18. Qb2 Qc7 19. Bf3 Be4 20. Bxe4 Nxe4 21. cxd5 exd5 22. Rfc1 c4 23. Qb5 Nf6 24. Rcb1 Reb8 25. Bg3 Ra5 26. Qb2 Ne4 27. Nf3 Bxg3 28. hxg3 c3 29. Qc2 Rba8 30. Rb4 b5 31. Ne5 Qd6 32. Rab1 bxa4 33. Rb6 Qd8 34. Nc6 Qg5 35. Nxa5 Rxa5 36. Rb8+ Kh7 37. f3 Qxe3+ 38. Kh2 a3 39. fxe4 dxe4 40. Re8 Rh5# 0-1

[Event "Titled Tuesday intern op 11th Jul Late"]
[Site "Chess.com INT"]
[Date "2023.07.11"]
[Round "10"]
[White "Bolourchifard, Farzad"]
[Black "Firouzja, Alireza"]
[Result "0-1"]
[WhiteElo "2292"]
[BlackElo "2777"]
[PlyCount "90"]
[EventDate "2023.07.11"]
[EventType "swiss (blitz)"]
[EventRounds "11"]
[EventCountry "USA"]
[SourceTitle "EXT 2024"]
[Source "ChessBase"]
[SourceDate "2023.10.10"]
[SourceVersion "1"]
[SourceVersionDate "2023.10.10"]
[SourceQuality "1"]

1. d4 Nf6 2. Nf3 g6 3. Bg5 Bg7 4. e3 h6 5. Bh4 0-0 6. Be2 c5 7. c3 cxd4 8. exd4 Nh5 9. Bg3 d6 10. 0-0 Nc6 11. Nfd2 Nxg3 12. hxg3 e5 13. Nb3 exd4 14. Nxd4 Nxd4 15. cxd4 Qb6 16. Na3 Qxd4 17. Qxd4 Bxd4 18. Rad1 Bxb2 19. Nc4 Bf6 20. Nxd6 Be6 21. a4 b6 22. Bf3 Rad8 23. Bc6 Be5 24. Nb5 Rxd1 25. Rxd1 a6 26. Re1 Rc8 27. Bb7 Rc5 28. Bxa6 Bb3 29. Re4 Bc2 30. Rb4 Rd5 31. Bb7 Rd1+ 32. Kh2 Ra1 33. f4 Rxa4 34. Rxa4 Bxa4 35. fxe5 Bxb5 36. g4 Bd7 37. Kg3 b5 38. Kf4 b4 39. Be4 b3 40. Bb1 g5+ 41. Ke3 Bxg4 42. Kd4 Be6 43. Kc3 h5 44. g3 h4 45. Be4 hxg3 0-1

[Event "Titled Tuesday intern op 11th Jul Late"]
[Site "Chess.com INT"]
[Date "2023.07.11"]
[Round "5"]
[White "Bolourchifard, Farzad"]
[Black "Santos Flores, Alberto Javier"]
[Result "1-0"]
[WhiteElo "2292"]
[BlackElo "2164"]
[PlyCount "121"]
[EventDate "2023.07.11"]
[EventType "swiss (blitz)"]
[EventRounds "11"]
[EventCountry "USA"]
[SourceTitle "EXT 2024"]
[Source "ChessBase"]
[SourceDate "2023.10.10"]
[SourceVersion "1"]
[SourceVersionDate "2023.10.10"]
[SourceQuality "1"]

1. d4 d5 2. c4 c6 3. Nf3 Nf6 4. Bg5 dxc4 5. e3 b5 6. a4 Bb7 7. Nc3 a6 8. b3 b4 9. Na2 c5 10. Bxc4 e6 11. 0-0 Nbd7 12. Qe2 Be7 13. dxc5 Bxc5 14. Rfd1 Qb6 15. Nc1 0-0 16. Nd3 Be7 17. a5 Qa7 18. Nb2 Rfd8 19. Na4 Bc6 20. h3 h6 21. Bh4 Qb7 22. Ne1 Bxa4 23. Rxa4 Ne5 24. Rxd8+ Bxd8 25. Nc2 Nxc4 26. Qxc4 Rc8 27. Qxb4 Qc7 28. Ra2 Rb8 29. Qc4 Qxc4 30. bxc4 Rc8 31. Ra4 Nd7 32. Bxd8 Rxd8 33. Rb4 Rc8 34. Na3 Rc5 35. Ra4 e5 36. Kf1 e4 37. Ke2 Ne5 38. f3 exf3+ 39. gxf3 Nc6 40. Nc2 Rxa5 41. Rxa5 Nxa5 42. Kd3 Nc6 43. Nd4 Nxd4 44. exd4 Kf8 45. c5 Ke7 46. Kc4 Kd7 47. d5 g5 48. Kd4 a5 49. Ke5 a4 50. c6+ Kc7 51. Kf6 a3 52. Ke7 a2 53. d6+ Kxc6 54. d7 a1Q 55. d8Q Qe5+ 56. Kxf7 Qf5+ 57. Kg7 Qxf3 58. Qc8+ Kd6 59. Kxh6 Qf4 60. Qg4 Ke5 61. Qxg5+ 1-0

[Event "Titled Tuesday intern op 27th Jun Late"]
[Site "Chess.com INT"]
[Date "2023.06.27"]
[Round "8"]
[White "Bolourchifard, Farzad"]
[Black "Bjelobrk, Igor"]
[Result "0-1"]
[WhiteElo "2292"]
[BlackElo "2403"]
[PlyCount "84"]
[EventDate "2023.06.27"]
[EventType "swiss (blitz)"]
[EventRounds "11"]
[EventCountry "USA"]
[SourceTitle "EXT 2024"]
[Source "ChessBase"]
[SourceDate "2023.10.10"]
[SourceVersion "1"]
[SourceVersionDate "2023.10.10"]
[SourceQuality "1"]

1. d4 e6 2. Nf3 c5 3. d5 exd5 4. Qxd5 Nf6 5. Qd1 d5 6. Bg5 Be7 7. e3 0-0 8. Be2 h6 9. Bh4 Nc6 10. c3 Bf5 11. 0-0 Qd7 12. Nbd2 Rad8 13. Qa4 a6 14. Rfd1 Qe6 15. Nf1 b5 16. Qa3 c4 17. b4 a5 18. Nd4 Nxd4 19. Rxd4 axb4 20. cxb4 g5 21. Bg3 Ne4 22. Rdd1 Ra8 23. Qc1 Bxb4 24. Bf3 Be7 25. Bxe4 Bxe4 26. Qd2 Ra3 27. f3 Bd3 28. f4 Rfa8 29. Bf2 Bf6 30. fxg5 hxg5 31. Ng3 Bc3 32. Qc1 Qe5 33. Rb1 b4 34. e4 dxe4 35. Nh5 Rxa2 36. Bg3 Qf5 37. h3 Bd4+ 38. Kh2 b3 39. Rd2 Rxd2 40. Qxd2 Ra2 41. Qb4 Qf3 42. Qb8+ Kh7 0-1

[Event "Titled Tuesday intern op 27th Jun Late"]
[Site "Chess.com INT"]
[Date "2023.06.27"]
[Round "10"]
[White "Bolourchifard, Farzad"]
[Black "Womacka, Mathias"]
[Result "1-0"]
[WhiteElo "2292"]
[BlackElo "2390"]
[PlyCount "95"]
[EventDate "2023.06.27"]
[EventType "swiss (blitz)"]
[EventRounds "11"]
[EventCountry "USA"]
[SourceTitle "EXT 2024"]
[Source "ChessBase"]
[SourceDate "2023.10.10"]
[SourceVersion "1"]
[SourceVersionDate "2023.10.10"]
[SourceQuality "1"]

1. d4 Nf6 2. Nf3 e6 3. c4 Bb4+ 4. Bd2 Qe7 5. Nc3 b6 6. e3 Bb7 7. Bd3 0-0 8. Qc2 d6 9. h4 e5 10. dxe5 dxe5 11. Ne4 Nbd7 12. 0-0-0 Bxd2+ 13. Nfxd2 Nxe4 14. Nxe4 f5 15. Ng5 e4 16. Be2 Ne5 17. Qc3 Rad8 18. Nh3 Nd3+ 19. Bxd3 exd3 20. Nf4 d2+ 21. Rxd2 Rxd2 22. Qxd2 Rd8 23. Qc3 a5 24. h5 Qb4 25. Qxb4 axb4 26. Rd1 Rxd1+ 27. Kxd1 Kf7 28. f3 Kf6 29. Kd2 g5 30. hxg6 hxg6 31. Nd3 c5 32. b3 g5 33. Nb2 Bc6 34. Kd3 Ke5 35. Na4 Bxa4 36. bxa4 g4 37. f4+ Kf6 38. g3 Ke6 39. e4 Kf6 40. e5+ Ke6 41. Kc2 Kd7 42. Kb3 Kc6 43. a3 bxa3 44. Kxa3 Kb7 45. a5 bxa5 46. Kb3 Ka6 47. e6 Kb6 48. e7 1-0

[Event "Titled Tuesday intern op 27th Jun Late"]
[Site "Chess.com INT"]
[Date "2023.06.27"]
[Round "11"]
[White "Palencia Morales, Wilson Guillermo"]
[Black "Bolourchifard, Farzad"]
[Result "0-1"]
[WhiteElo "2300"]
[BlackElo "2292"]
[PlyCount "126"]
[EventDate "2023.06.27"]
[EventType "swiss (blitz)"]
[EventRounds "11"]
[EventCountry "USA"]
[SourceTitle "EXT 2024"]
[Source "ChessBase"]
[SourceDate "2023.10.10"]
[SourceVersion "1"]
[SourceVersionDate "2023.10.10"]
[SourceQuality "1"]

1. d4 Nf6 2. c4 e6 3. Nf3 d5 4. Nc3 Be7 5. Bg5 0-0 6. e3 Nbd7 7. Qc2 c6 8. 0-0-0 a6 9. h4 b5 10. c5 Ng4 11. Bd3 h6 12. Bf4 e5 13. Bf5 Nxf2 14. Qxf2 exf4 15. exf4 Nf6 16. Bxc8 Qxc8 17. Ne5 b4 18. Na4 Ne4 19. Qf3 Bd8 20. g4 f6 21. Ng6 Rf7 22. Rhg1 Qb7 23. b3 Bc7 24. Kb2 Qc8 25. f5 Qd7 26. Nf4 Bxf4 27. Qxf4 Re8 28. Rde1 Rfe7 29. Re3 Qb7 30. Rge1 Qb5 31. Qf1 Qxf1 32. Rxf1 Nxc5 33. Rxe7 Nxa4+ 34. bxa4 Rxe7 35. Rc1 Re4 36. Rxc6 Rxd4 37. Rxa6 Rxg4 38. Rd6 Rxh4 39. a5 Rh3 40. Rxd5 Ra3 41. Rb5 h5 42. Rxb4 Rxa5 43. Rf4 Kh7 44. a4 Kh6 45. Kb3 Kg5 46. Rf1 h4 47. Rg1+ Kh6 48. Rg4 Rxf5 49. Rxh4+ Kg5 50. Rc4 Ra5 51. Kb4 Ra8 52. Rc5+ f5 53. a5 Kg4 54. Rc7 g5 55. Rf7 f4 56. Kb5 Kf3 57. Kb6 g4 58. Ra7 Rg8 59. Rc7 g3 60. a6 g2 61. Rc1 g1Q+ 62. Rxg1 Rxg1 63. a7 Ra1 0-1

[Event "Titled Tuesday intern op 27th Jun Late"]
[Site "Chess.com INT"]
[Date "2023.06.27"]
[Round "3"]
[White "Yoo, Christopher Woojin"]
[Black "Bolourchifard, Farzad"]
[Result "1-0"]
[WhiteElo "2606"]
[BlackElo "2292"]
[PlyCount "73"]
[EventDate "2023.06.27"]
[EventType "swiss (blitz)"]
[EventRounds "11"]
[EventCountry "USA"]
[SourceTitle "EXT 2024"]
[Source "ChessBase"]
[SourceDate "2023.10.10"]
[SourceVersion "1"]
[SourceVersionDate "2023.10.10"]
[SourceQuality "1"]

1. d4 Nf6 2. Nf3 e6 3. Bf4 c5 4. e3 b6 5. Nbd2 Be7 6. Bd3 Ba6 7. Bxa6 Nxa6 8. 0-0 cxd4 9. exd4 0-0 10. Qe2 Nb4 11. c4 d5 12. Rfc1 dxc4 13. Nxc4 Nbd5 14. Bg3 Rc8 15. Nce5 Bd6 16. Nc6 Qd7 17. Bxd6 Qxd6 18. Nxa7 Rxc1+ 19. Rxc1 h6 20. Nb5 Qb4 21. g3 Ra8 22. a3 Qb3 23. Ne5 Nh7 24. Nd6 Rf8 25. h4 Nhf6 26. Nexf7 Nf4 27. gxf4 Rxf7 28. Nxf7 Kxf7 29. Rc7+ Kg6 30. h5+ Kh7 31. Rc3 Qd5 32. Qc2+ Kh8 33. Rc8+ Ng8 34. Qg6 Qxd4 35. Qf7 Qd1+ 36. Kh2 Qg4 37. Qxg8# 1-0

[Event "Titled Tuesday intern op 20th Jun Late"]
[Site "Chess.com INT"]
[Date "2023.06.20"]
[Round "8"]
[White "Bolourchifard, Farzad"]
[Black "Badelka, Olga"]
[Result "1-0"]
[WhiteElo "2292"]
[BlackElo "2388"]
[PlyCount "45"]
[EventDate "2023.06.20"]
[EventType "swiss (blitz)"]
[EventRounds "11"]
[EventCountry "USA"]
[SourceTitle "EXT 2024"]
[Source "ChessBase"]
[SourceDate "2023.10.10"]
[SourceVersion "1"]
[SourceVersionDate "2023.10.10"]
[SourceQuality "1"]

1. d4 Nf6 2. Nf3 e6 3. c4 d5 4. Nc3 Nbd7 5. Bg5 dxc4 6. e3 h6 7. Bh4 b5 8. Nxb5 Bb4+ 9. Nc3 g5 10. Bg3 Ne4 11. Qc2 Bb7 12. Bxc4 g4 13. Nh4 Be7 14. Nxe4 Bxh4 15. 0-0 Be7 16. Rac1 Rc8 17. Nc5 Bxc5 18. dxc5 Bc6 19. b4 Rb8 20. Rfd1 Qc8 21. b5 Bxb5 22. Qb2 0-0 23. Bxb5 1-0